Nimble : how intelligences can create agile companies and wise leaders (Record no. 445668)

000 -LEADER
fixed length control field 00425cam a22001457a 4500
008 - FIXED-LENGTH DATA ELEMENTS--GENERAL INFORMATION
fixed length control field 180718b2015 xxu||||| |||| 00| 0 eng d
020 ## - INTERNATIONAL STANDARD BOOK NUMBER
International Standard Book Number 9788184005738
082 ## - DEWEY DECIMAL CLASSIFICATION NUMBER
Classification number I513 P886
100 ## - MAIN ENTRY--PERSONAL NAME
Personal name Prasad, Baba
245 ## - TITLE STATEMENT
Title Nimble : how intelligences can create agile companies and wise leaders
Statement of responsibility, etc. by Baba Prasad
260 ## - PUBLICATION, DISTRIBUTION, ETC.
Place of publication, distribution, etc. Gurgaon
Name of publisher, distributor, etc. Random house
Date of publication, distribution, etc. 2015
300 ## - PHYSICAL DESCRIPTION
Extent 275p.
650 ## - SUBJECT ADDED ENTRY--TOPICAL TERM
Topical term or geographic name entry element Leadership
650 ## - SUBJECT ADDED ENTRY--TOPICAL TERM
Topical term or geographic name entry element Strategic planning
Holdings
Withdrawn status Lost status Damaged status Not for loan Permanent Location Current Location Date acquired Full call number Barcode Date last seen Price effective from Koha item type
        Indian Institute of Public Administration Indian Institute of Public Administration 2017-06-02 I513 P886 86988 2018-07-21 2018-07-21 Book

Powered by Koha